Statistieken voor Predikantenlijst Hervormde Gemeente Streefkerk

Klik hier om de quiz te nemen!

Algemene statistieken

  • Deze quiz is 6 keer genomen
  • De gemiddelde score is 13 van 45

Antwoordstatistieken

HintAntwoord% Correct
1997-2005Hugo Penning
100%
1942-1946Johannes Godthelp
100%
2006-hedenTeunis van Bruggen
100%
1988-1996Willem Verboom
100%
1981-1986Adriaan Johannes Schalkoort
75%
1887-1894Bernardus Antonie de Jong
75%
1976-1980Hendrik Albert Samsom
75%
1899-1928Hermanis Johannes Leonardus Poort
75%
1959-1968Melis van Rennes
75%
1969-1973Willem Jan Cornelis van Rennes
75%
1801-1804Albertus de Vries
25%
1877-1886Arnoldus Wilod Versprille
25%
1872-1876Barend Mellink Post van Griethuijsen
25%
1583-1584Caspar Veenraedt
25%
1766-1770Henricus Weyland
25%
1771-1773Johannes de Jongh
25%
1610-1652Johannes Gijsius
25%
1585-1588Johannes van Noorthout
25%
1672-1684Leonardus van Groenewegen
25%
1591-1601Matthias Mochaert
25%
1602-1610Michaël Hogius
25%
1664-1671Petrus du Bois
25%
1894-1896Pieter Steffens Bartstra
25%
1947-1957Siefko Julius
25%
1931-1935Thewis Hettinga
25%
1862-1864WIllem Adrianus Johannes Lucas
25%
1574-?Willem Jansz
25%
1756-1757Didericus van der Kemp
0%
1776-1783Gabriël Adolph Odé
0%
1654-1664Guilhelmus van der Poel
0%
1935-1938Hermannus Wiardi Waardenburg
0%
1783-1798Hermanus André Monhemius
0%
1685-1691Jacobus Geelkerken
0%
1798-1801Jacobus Roelofs
0%
1692-1700Johannes Cloens
0%
1727-1756Johannes Oosterlingh
0%
1760-1766Johannes Panneboeter
0%
1774-1776Johannes Roldanus
0%
1588-1590Johannes Servatii Naeranus
0%
1702-1726Johannes van Sevender
0%
1808-1825Johannes Waller
0%
1865-1872Nicolaas van Klaveren
0%
1804-1807Petrus Wilhelmus Mari
0%
1825-1862Wijnandus Johannes Niessen
0%
1653-1654Winandus van Nieustadt
0%

Scoreverdeling

Percentiel versus Aantal Correcte Antwoorden

Procent van Mensen met Elke Score

Uw Scoregeschiedenis

U heeft deze quiz nog niet genomen